000
00313nam a22001457a 4500
003
SGT
020
_a
978-81-8104-112-7
082
_a
646.7
_b
MUK
100
_a
MUKHERJEE, PRASANTH
245
_a
TB.OF FOOD COMMODITIES
250
_a
1ST
260
_a
DELHI
_b
AMAN PUB.
_c
2019
300
_a
266
942
_2
ddc
_c
BK
999
_c
21065
_d
21065